Score 0/16 Timer 03:00
10 Plays Today
Vowels - Consonants Country % Correct
4-3Algeria
72.3%
5-3Ethiopia
72%
4-2Guinea
67.5%
4-3Eritrea
65.7%
4-3Nigeria
64.2%
7-5Guinea-Bissau
60.1%
6-4Mauritania
59.6%
4-3Somalia
59.6%
Vowels - Consonants Country % Correct
10-6Equatorial Guinea
56.6%
4-3Tunisia
54.3%
6-5Cote d'Ivoire
53.9%
4-3Namibia
53.1%
5-4Mauritius
50.7%
4-3Liberia
50.4%
3-2Libya
49.5%
6-5Sierra Leone
49%
Remove Ads.
Support Sporcle.
Get the best of Sporcle when you Go Orange. This ad-free experience offers more features, more stats, and more fun while also helping to support Sporcle. Thank you for becoming a member.

You're not logged in!

Compare scores with friends on all Sporcle quizzes.
OR
Log In

Show Comments

Extras

Top Quizzes Today


Score Distribution

Your Account Isn't Verified!

In order to create a playlist on Sporcle, you need to verify the email address you used during registration. Go to your Sporcle Settings to finish the process.

Report this User

Report this user for behavior that violates our Community Guidelines.

Details: